The Many Jobs of Apple Quiz Stats

 Plays Quiz Updated Apr 8, 2016

Score 0/20 Timer 05:00
0 Plays Today
Apple product % Correct
iPad (2010)
91.4%
iPod (2001)
91.3%
iPhone (2007)
86.6%
iTunes (2001)
81.2%
Macbook (2006)
77.9%
iPod nano (2005)
75.6%
iCloud (2011)
65.6%
iPod shuffle (2005)
59.7%
MacIntosh (1984)
51.3%
Apple TV (2006)
47%
Apple product % Correct
iMac (1998)
44.3%
iPod mini (2004)
44.2%
Apple II (1977)
31.2%
Apple I (1976)
28.4%
iBook (1999)
21.8%
Mac mini (2005)
18.5%
Apple Lisa (1983)
18.2%
Power Mac (1994)
16.7%
Powerbook (2001)
16%
Power Mac Cube (2000)
14.1%

You're not logged in!

Compare scores with friends on all Sporcle quizzes.
OR
Log In

You Might Also Like...

Show Comments

Extras

Top Quizzes Today


Score Distribution

Your Account Isn't Verified!

In order to create a playlist on Sporcle, you need to verify the email address you used during registration. Go to your Sporcle Settings to finish the process.

Report this User

Report this user for behavior that violates our Community Guidelines.

Details: